| 000 | 01127cab a22002295a 4500 | ||
|---|---|---|---|
| 001 | L142369 | ||
| 008 | 080211e20080131xxka f 000 0 eng d | ||
| 035 | _a(Sirsi) u142369 | ||
| 041 | 0 | _aeng | |
| 100 | 1 | _aHartman, Hattie | |
| 245 | 0 | 0 | _aBeyond the code |
| 260 | _c2008 | ||
| 490 | 0 |
_aArchitects' Journal _v227(4) 31 January 2008, 40-41(2) |
|
| 520 | _aLooks at the RuralZED house, a zero-carbon housing prototype that claims to meet the non-existent level seven of the Code for Sustainable Homes. RuralZED goes beyond code level six because the addition of a wind turbine means that the embodied energy in the materials and construction of the structure can be offset within three years. Briefly outlines the other energy saving features of the RuralZED house. | ||
| 590 | _aKA | ||
| 650 | 2 | 4 | _aDCLG CODE FOR SUSTAINABLE HOMES |
| 650 | 2 | 4 | _aRURALZED |
| 651 | 4 |
_aUnited Kingdom _y |
|
| 690 | _aBUILT ENVIRONMENT-SUSTAINABLE CONSTRUCTION | ||
| 856 | 4 | 8 |
_uhttps://www.architectsjournal.co.uk/beyond-the-code/572780.article _zView this item for free online at www.architectsjournal.co.uk (limited access). |
| 942 | _n0 | ||
| 999 |
_c79794 _d79794 |
||